Statistics for 続日本100名城

Click here to take the quiz!

General Stats

  • This quiz has been taken 7 times
  • The average score is 42 of 100

Answer Stats

No.城名所在都道府県% Correct
151吉田城愛知県
71%
113土浦城茨城県
71%
148浜松城静岡県
71%
161岸和田城大阪府
71%
144大垣城岐阜県
71%
138越前大野城福井県
71%
137福井城福井県
71%
134富山城富山県
71%
118忍城埼玉県
71%
116沼田城群馬県
71%
152津城三重県
71%
132高田城新潟県
57%
124品川台場東京都
57%
169米子城鳥取県
57%
165大和郡山城奈良県
57%
172三原城広島県
57%
130高島城長野県
57%
174大内氏館・高嶺城山口県
57%
175勝瑞城徳島県
57%
145興国寺城静岡県
57%
181小倉城福岡県
57%
167新宮城和歌山県
57%
125小机城神奈川県
57%
123滝山城東京都
57%
122大多喜城千葉県
57%
104九戸城岩手県
57%
147高天神城静岡県
57%
109米沢城山形県
57%
193臼杵城大分県
57%
158福知山城京都府
57%
157八幡山城滋賀県
57%
107秋田城秋田県
57%
198知覧城鹿児島県
43%
159芥川山城大阪府
43%
196佐土原城宮崎県
43%
162出石城・有子山城兵庫県
43%
164洲本城兵庫県
43%
190八代城熊本県
43%
168若桜鬼ヶ城鳥取県
43%
195延岡城宮崎県
43%
170浜田城島根県
43%
194佐伯城大分県
43%
191中津城大分県
43%
173新高山城広島県
43%
154田丸城三重県
43%
182水城福岡県
43%
183久留米城福岡県
43%
184基肄城福岡県・佐賀県
43%
185唐津城佐賀県
43%
187福江城長崎県
43%
188原城長崎県
43%
180岡豊城高知県
43%
101志苔館北海道
43%
126石垣山城神奈川県
43%
143美濃金山城岐阜県
43%
128要害山城山梨県
43%
121本佐倉城千葉県
43%
114唐沢山城栃木県
43%
127新府城山梨県
43%
108鶴ヶ岡城山形県
43%
141郡上八幡城岐阜県
43%
146諏訪原城静岡県
43%
149小牧山城愛知県
43%
105白石城宮城県
29%
110三春城福島県
29%
112笠間城茨城県
29%
189鞠智城熊本県
29%
197志布志城鹿児島県
29%
115名胡桃城群馬県
29%
186金田城長崎県
29%
117岩櫃城群馬県
29%
119杉山城埼玉県
29%
120菅谷館埼玉県
29%
103浪岡城青森県
29%
199座喜味城沖縄県
29%
153多気北畠氏城館三重県
29%
200勝連城沖縄県
29%
140玄蕃尾城福井県・滋賀県
29%
102上ノ国勝山館北海道
29%
150古宮城愛知県
29%
131村上城新潟県
29%
133鮫ヶ尾城新潟県
29%
171備中高松城岡山県
29%
160飯盛城大阪府
29%
166宇陀松山城奈良県
29%
192角牟礼城大分県
14%
156鎌刃城滋賀県
14%
106脇本城秋田県
14%
163黒井城兵庫県
14%
142苗木城岐阜県
14%
178能島城愛媛県
14%
111向羽黒山城福島県
14%
179河後森城愛媛県
14%
139佐柿国吉城福井県
14%
136鳥越城石川県
14%
135増山城富山県
14%
129龍岡城長野県
14%
176一宮城徳島県
14%
155赤木城三重県
14%
177引田城香川県
14%

Score Distribution

Percentile by Number Answered

Percent of People with Each Score

Your Score History

You have not taken this quiz